| 000 | 00831nam a2200205 a 4500 | ||
|---|---|---|---|
| 003 | 0 | ||
| 005 | 20250415095339.0 | ||
| 008 | 970101s19uu xx 00 eng d | ||
| 050 |
_aPGS HQ 784.P64 _b.D491 2004 |
||
| 100 | _aDe Vera, Chelsie Marie R. | ||
| 245 |
_aPerceptions of grade 7 students on the advantages and disadvantages of using cellphones / _cChelsie Marie R. De Vera. |
||
| 260 |
_aLas PiƱas City, Philippines : _bSouthville International School and Colleges, _c2004. |
||
| 300 |
_a18 pages : _billustrations ; _c28 cm. |
||
| 504 | _aIncludes bibliographical references. | ||
| 650 |
_aCell phones _vSocial aspects _vChildren. |
||
| 650 |
_aTechnology _vSocial aspects _vChildren. |
||
| 650 |
_aMobile communication systems _vJuvenile use. |
||
| 650 |
_aCell phones _vPsychological aspects. |
||
| 942 |
_2lcc _cPASS |
||
| 999 |
_c96971 _d96971 |
||